000 00554nam a22001817a 4500
005 20170615115754.0
010 _aENG-118658
020 _a9788184656022
_c150.00
035 _aEN-102190
037 _bDBAD/PUB
082 _a362.28097
100 _aGundimi, Vivek
245 _aSuicide:
_cby Vivek Gundimi
_bA theological and a pastoral response /
260 _aDelhi
_bISPCK
_c2017
270 _aPost Box 1585, 1654, Madarsa Road, Kashmere Gate, Delhi-110006
300 _axv,120p
_c22cm.(pbk)
942 _2ddc
_cEN
_h362.28097
_mGUN
999 _c141131
_d141131